00739nam a22002057a 450000500170000001000150001702000270003203500130005903700130007208200130008524500790009826000420017727000720021930000260029150000190031770000250033694200270036199900170038895201280040520140910150048.0 aENG-110769 a9788183876247c1595.00 aEN-94301 bDBAD/PUB a346.0134 aCritical issues in women's right in Islam /cedited by Abdul Haseeb Ansari aNew DelhibSerials Publicationsc2014 a4830/24, Prahlad Street, Ansari Road, Darya GanjbNew Delhie110002 axxii,298p. c23cm(Hb) aIncludes index aAnsari, Abdul Haseeb 2ddccENh346.0134mCRI c88386d88386 001040718NFICaDBADbDBADd2014-09-08eDBAD/PUBg1595.00l0o346.0134 CRIpEN-94301r2014-09-08 00:00:00t1v1595.00yEN